| 000 | 00849naa a2200241 c 4500 | ||
|---|---|---|---|
| 001 | 35687 | ||
| 003 | ES-MaCES | ||
| 005 | 20051122103100.0 | ||
| 008 | 051122n2005 sz t 000 | eng d | ||
| 035 | _aCES20050011787v | ||
| 040 |
_aES-MaCES _bspa _cES-MaCES |
||
| 100 | 1 |
_aPink, Brian _921051 |
|
| 245 | 1 | 0 |
_aOfficial statistics- A recognisable and enduring national resource _cBrian Pink |
| 500 | _aResumen | ||
| 650 | 4 |
_aNueva Zelanda _927004 |
|
| 650 | 4 |
_afuentes estadísticas _929537 |
|
| 650 | 4 |
_agobierno central _927216 |
|
| 653 | 1 | 0 | _aEstadísticas |
| 773 | 0 |
_tStatistical journal of the United Nations Economic Commission for Europe _gvol. 21, no. 3-4 (2004){10364 R. 062401}; p. 231- 239 _w(ES-MaCES)25374 _953882 |
|
| 902 | _aART Artículo de revista | ||
| 942 |
_2CES _cAR _h8.0. |
||
| 999 |
_c35687 _d35687 |
||